[Event "Chelyabinskiy variant-A 2021"]
[Site "Chelyabinsk"]
[Date "2021.03.26"]
[Round "4.6"]
[White "Gutenev, Alexander"]
[Black "Garifullina, Leya"]
[Result "1/2-1/2"]
[WhiteElo "2451"]
[BlackElo "2375"]
[Annotator "ChessBase"]
[PlyCount "89"]
[EventDate "2021.03.23"]
[EventType "swiss"]
[EventCountry "RUS"]
[SourceTitle "playchess.com"]
[Source "ChessBase"]
[SourceQuality "1"]
[TimeControl "5400+30"]

1. e4 {[%emt 0:03:44]} c5 {[%emt 0:00:00]} 2. Nf3 {[%emt 0:00:59]} d6 {[%emt 0:00:00]} 3. d4 {[%emt 0:00:12]} cxd4 {[%emt 0:00:05]} 4. Nxd4 {[%emt 0:00:35]} Nf6 {[%emt 0:00:14]} 5. Nc3 {[%emt 0:00:07]} a6 {[%emt 0:00:13]} 6. Qd3 {[%emt 0:03:01]} e6 {[%emt 0:06:43]} 7. a4 {[%emt 0:00:52]} b6 {[%emt 0:01:41]} 8. Be2 {[%emt 0:05:18]} Bb7 {[%emt 0:00:43]} 9. O-O {[%emt 0:00:35]} Nbd7 {[%emt 0:00:24]} 10. Qe3 {[%emt 0:10:04]} Rc8 {[%emt 0:06:17]} 11. f4 {[%emt 0:12:59]} Qc7 {[%emt 0:07:55]} 12. Kh1 {[%emt 0:10:48]} Qc5 {[%emt 0:05:54]} 13. Qd3 {[%emt 0:08:34]} e5 {[%emt 0:10:10]} 14. Nf5 {[%emt 0:01:12]} g6 {[%emt 0:00:42]} 15. Ng3 {[%emt 0:03:28]} h5 {[%emt 0:04:38]} 16. Bf3 {[%emt 0:07:22]} exf4 {[%emt 0:06:24]} 17. Bxf4 {[%emt 0:00:36]} Ne5 {[%emt 0:01:16]} 18. Qe3 {[%emt 0:02:14]} Qxe3 {[%emt 0:06:52]} 19. Bxe3 {[%emt 0:00:05]} Nfd7 {[%emt 0:00:24]} 20. Nge2 {[%emt 0:01:57]} Bg7 {[%emt 0:01:43]} 21. Bd4 {[%emt 0:01:18]} Bh6 {[%emt 0:06:10]} 22. Rad1 {[%emt 0:00:42]} Ke7 {[%emt 0:01:14]} 23. Nc1 {[%emt 0:03:00]} Rhd8 {[%emt 0:05:48]} 24. Nd3 {[%emt 0:01:55]} Rc4 {[%emt 0:01:34]} 25. Bf2 {[%emt 0:02:14]} Rdc8 {[%emt 0:01:29]} 26. Be1 {[%emt 0:03:46]} Nxf3 {[%emt 0:05:03]} 27. gxf3 {[%emt 0:00:22]} Nf8 {[%emt 0:04:04]} 28. Bg3 {[%emt 0:03:47]} Rd8 {[%emt 0:02:38]} 29. Rfe1 {[%emt 0:03:18]} g5 {[%emt 0:02:02]} 30. Nd5+ {[%emt 0:03:13]} Bxd5 {[%emt 0:00:12]} 31. exd5+ {[%emt 0:00:02]} Kf6 {[%emt 0:01:17]} 32. Bf2 {[%emt 0:00:13]} Nd7 {[%emt 0:02:34]} 33. c3 {[%emt 0:00:04]} Rxa4 {[%emt 0:02:07]} 34. Nb4 {[%emt 0:00:35]} Bf8 {[%emt 0:01:11]} 35. Nc6 {[%emt 0:01:44]} Ra8 {[%emt 0:00:35]} 36. Bd4+ {[%emt 0:00:08]} Kg6 {[%emt 0:00:32]} 37. h4 {[%emt 0:01:48]} Nf6 {[%emt 0:02:06]} 38. Rg1 {[%emt 0:00:31]} g4 {[%emt 0:00:15]} 39. b3 {[%emt 0:00:10]} Rxd4 {[%emt 0:01:08]} 40. Rxd4 {[%emt 0:01:02]} Re8 {[%emt 0:00:08]} 41. Rd3 {[%emt 0:00:23]} Re2 {[%emt 0:00:34]} 42. c4 {[%emt 0:00:23]} Bh6 {[%emt 0:00:38]} 43. Rg2 {[%emt 0:00:10]} Re1+ {[%emt 0:00:05]} 44. Rg1 {[%emt 0:00:04]} Re2 {[%emt 0:00:09]} 45. Rg2 {[%emt 0:02:07]} 1/2-1/2

[Event "Chelyabinskiy variant-A 2021"]
[Site "Chelyabinsk"]
[Date "2021.03.26"]
[Round "4.7"]
[White "Khanin, Semen"]
[Black "Kovalchuk, Alexey"]
[Result "1/2-1/2"]
[WhiteElo "2506"]
[BlackElo "2379"]
[Annotator "TA"]
[PlyCount "92"]
[EventDate "2021.03.23"]
[EventType "swiss"]
[EventCountry "RUS"]
[SourceTitle "playchess.com"]
[Source "ChessBase"]
[SourceQuality "1"]

{[%evp 12,92,13,8,10,0,0,0,0,-25,-31,-46,-30,-28,63,56,68,46,49,45,34,0,0,0,0,0,0,0,0,0,0,0,0,0,0,0,0,-124,133,131,138,152,215,208,236,245,245,238,233,227,344,349,330,342,388,392,356,339,400,381,391,381,383,289,310,311,402,272,253,247,267,189,209,98,157,72,86,75,85,57,64,64,65]} 1. e4 e5 2. Nf3 Nc6 3. Bc4 Bc5 4. O-O Nf6 5. d3 O-O 6. c3 d6 7. Bb3 a5 {C54: Giuoco Piano: 4 c3 Nf6, main lines with 5 d4 and 5 d3.} 8. Nbd2 Be6 {8...h6 gains popularity.} 9. Bc2 d5 {[#] The position is equal.} 10. d4 $146 ({Predecessor:} 10. exd5 Bxd5 11. Qe2 Re8 12. Ne4 Be7 13. Rd1 h6 14. Nh4 Be6 15. Nf3 Qd7 16. d4 exd4 17. Nxd4 Nxd4 18. Rxd4 {0-1 (35) Onischuk,V (2637)-Ding,L (2777) Riadh 2017}) 10... exd4 11. e5 Nd7 12. Nb3 Be7 (12... Bg4 $11) 13. Nbxd4 $14 Bg4 14. Nxc6 (14. Qe1 {feels hotter.} Nb6 15. h3 Bd7 16. Qe2 Qc8 17. Nb5) 14... bxc6 15. Qd3 {[%csl Gc2][%cal Rd3h7]} g6 16. Nd4 Nxe5 17. Qg3 $40 {[%mdl 128] White has some attack.} c5 18. Qxe5 Bd6 19. Qe3 {Strongly threatening Nb5.} Re8 $1 {[%cal Re8e3]} 20. Nc6 Qd7 21. Qg5 {aiming for Ba4.} Be2 22. Ba4 $1 {Hoping for Re1.} Bxf1 23. Kxf1 Qe6 {[%csl Ge8][%cal Re6e1]} 24. Bd2 (24. Qd2 $1 $11) 24... Qe4 $2 {[%mdl 8192]} (24... Bxh2 $2 25. Re1 $18) (24... f6 $1 $17 {keeps the pressure on.} 25. Qe3 Qg4) 25. Bb5 $16 Qc2 26. b3 (26. Qxd5 $2 Qxb2 27. g3 Qxb5+ $19) 26... Qb2 (26... f5 $16) 27. Re1 Rxe1+ 28. Bxe1 Re8 29. Qxd5 Qa1 {[%csl Ga1][%cal Re8e1]} 30. Qd2 Kf8 (30... Qb1 $142 31. f3 (31. Nxa5 $2 Bf4 $19) 31... h5) 31. Be2 $18 ({Not} 31. Nxa5 $2 Bf4 $1 $19 {[%mdl 512]}) 31... Qb1 32. Nxa5 Ra8 33. c4 Be5 34. g3 Bd4 35. Bf3 Ra6 36. b4 Rf6 37. Qd1 Qxa2 38. Kg2 Kg7 39. Nc6 Qxc4 40. bxc5 Bxc5 41. Na5 Qa2 {[#]} 42. Qc1 (42. Qb3 $1 $18 {[%cal Rb3a2]} Qxb3 43. Nxb3 Rxf3 44. Kxf3) 42... Bd4 (42... Rxf3 $142 43. Qxc5 (43. Kxf3 Qd5+ 44. Ke2 Qe4+ 45. Kd1 Qd3+ 46. Bd2 Qf3+ 47. Kc2 Qxf2 $16) 43... Rd3) 43. Nc4 ({Inferior is} 43. Qxc7 Rxf3 44. Kxf3 Qd5+ 45. Ke2 Qe4+ 46. Kf1 Qh1+ 47. Ke2 Qe4+ 48. Kf1 Qh1+ 49. Ke2 Qe4+ $11) (43. Nc6 $142 Rxf3 {[%mdl 64] Remove Defender} 44. Kxf3 Qd5+ 45. Ke2 Qb5+ 46. Kd2) 43... c5 44. h4 h5 45. Nd2 Rb6 46. Qd1 Rb2 {Weighted Error Value: White=0.21/Black=0.27} 1/2-1/2

[Event "Chelyabinskiy variant-A 2021"]
[Site "Chelyabinsk"]
[Date "2021.03.26"]
[Round "4.8"]
[White "Ponkratov, Pavel"]
[Black "Buksa, Nataliya"]
[Result "1-0"]
[WhiteElo "2619"]
[BlackElo "2419"]
[Annotator "TA"]
[PlyCount "45"]
[EventDate "2021.03.23"]
[EventType "swiss"]
[EventCountry "RUS"]
[SourceTitle "playchess.com"]
[Source "ChessBase"]
[SourceQuality "1"]

{[%evp 14,45,16,3,26,20,11,19,20,14,179,179,179,188,187,184,183,182,243,257,267,264,266,274,697,691,902,886,3240,2839,29990,29991,29991,29992]} 1. e4 c5 2. Nf3 Nc6 3. Nc3 e5 4. Bc4 Be7 5. d3 d6 6. O-O Nf6 7. Ng5 O-O 8. f4 Bg4 {B30: Sicilian: 2...Nc6 3 Bb5, lines without ...g6.} 9. Qe1 exf4 10. Bxf4 Nd4 {The position is equal.} 11. h3 $5 {[%mdl 4] [#] Leaves trodden paths.} h6 $146 ({Predecessor:} 11... Bh5 12. Qd2 Qd7 13. g4 Bg6 14. a4 a6 15. Qg2 Rae8 16. a5 Kh8 17. Nf3 Nc6 {½-½ (47) Kovalev,V (2548)-Moiseenko,A (2712) Yerevan 2014}) 12. Nxf7 $1 $18 (12. hxg4 $6 hxg5 13. Bxg5 Nxg4 $14) 12... Rxf7 13. hxg4 (13. Bxf7+ $6 Kxf7 14. hxg4 Nxc2 $14) 13... Nxc2 14. Qg3 {aiming for Rad1.} (14. Bxf7+ Kxf7 15. Qf2 Nxa1 $11) 14... Nxa1 {[#]} 15. g5 $1 {[%cal Rg5f6]} hxg5 (15... Nh5 $142 16. Qg4 Kh8 17. gxh6 (17. Bxf7 Nxf4 18. gxh6 gxh6 $18) (17. Qxh5 Rxf4 {[%mdl 64] Remove Defender} 18. Rxf4 Bxg5 $11) 17... Nxf4) 16. Bxg5 $40 {[%mdl 128] White goes for the king.} Nc2 17. Bxf6 Bxf6 {[#]} 18. e5 $1 {[%cal Re5f6]} Kf8 $2 (18... dxe5 19. Qg6 {[%mdl 64] Pin} Qd4+ 20. Rf2 Qxc4 21. dxc4 Nd4) 19. Qg6 {[%csl Gc4][%cal Rg6f7][%mdl 64] Pin} Qe7 {Now ...b5 and Black clings on.} 20. Qh5 {[%cal Rh5h8]} ({And not} 20. Qh7 Qxe5 21. Rxf6 (21. Qh8+ $2 Ke7 $19) 21... Qd4+ 22. Kh2 Rxf6 $11) 20... g6 21. Qxg6 {[%cal Rf1f6][%mdl 64] Double Attack, Pin} Nd4 22. Rxf6 d5 23. Bxd5 {Black did not feel at home in the position after the opening.  Weighted Error Value: White=0.01/Black=1.26} 1-0

[Event "Chelyabinskiy variant-A 2021"]
[Site "Chelyabinsk"]
[Date "2021.03.26"]
[Round "4.9"]
[White "Kardashevskiy, Evgeny"]
[Black "Azarov, Sergei"]
[Result "1/2-1/2"]
[WhiteElo "2427"]
[BlackElo "2604"]
[Annotator "TA"]
[PlyCount "45"]
[EventDate "2021.03.23"]
[EventType "swiss"]
[EventCountry "RUS"]
[SourceTitle "playchess.com"]
[Source "ChessBase"]
[SourceQuality "1"]

{[%evp 9,45,11,13,-5,0,9,14,0,10,-2,22,-9,18,11,9,-19,-23,-20,-16,-18,-13,0,0,0,0,-40,-28,-43,-35,-95,-73,-57,-12,-3,0,0,0,-8]} 1. d4 Nf6 2. c4 e6 3. Nf3 b6 4. g3 Ba6 5. Qc2 c5 6. d5 {E15: Queen's Indian: 4 g3 sidelines, 4 g3 Ba6 and 4 g3 Bb7 early deviations.} exd5 7. cxd5 Bb7 8. Bg2 Nxd5 9. O-O {Threatens to win with Ng5.} Be7 10. Rd1 Qc8 11. a3 h6 12. e4 Nc7 13. Nc3 O-O 14. Bf4 Ne6 15. Nd5 {[#]} Bxd5 $146 ({Predecessor:} 15... Re8 16. Bh3 Bd8 17. Be3 Nc7 18. Nc3 Bf6 19. Nd2 Qd8 20. Nc4 d5 21. Nxd5 Nxd5 22. exd5 {1-0 (47) Melkumyan,H (2528)-Narayanan,S (2381) Dubai 2009}) 16. Rxd5 Nc6 17. Rad1 Nxf4 18. gxf4 d6 19. h4 (19. Kh1 $15) 19... Qg4 {[%mdl 64] [#] Double Attack} 20. h5 Bf6 {And now ...Nd4 would win.} 21. Nh2 $1 {[%cal Rh2g4] The position is equal.} Qh4 22. Nf3 {[%cal Rf3h4]} Qg4 {Strongly threatening ...Nd4.} (22... Qxf4 $5 23. Rf5 $8 Qg4 $11) 23. Nh2 $1 {[%cal Rh2g4] Weighted Error Value: White=0.10/Black=0.06} 1/2-1/2

[Event "Chelyabinskiy variant-A 2021"]
[Site "Chelyabinsk"]
[Date "2021.03.26"]
[Round "4.10"]
[White "Petrov, Nikita"]
[Black "Tsvetkov, Andrey"]
[Result "1/2-1/2"]
[WhiteElo "2571"]
[BlackElo "2404"]
[Annotator "TA"]
[PlyCount "60"]
[EventDate "2021.03.23"]
[EventType "swiss"]
[EventCountry "RUS"]
[SourceTitle "playchess.com"]
[Source "ChessBase"]
[SourceQuality "1"]

{[%evp 12,60,27,15,13,3,29,9,25,2,29,23,54,64,59,28,26,27,30,26,31,36,21,24,20,22,25,20,19,18,27,26,31,10,29,10,16,0,0,0,2,0,43,0,0,0,32,20,33,32,31]} 1. e4 c5 2. Nf3 d6 3. d4 cxd4 4. Nxd4 Nf6 5. Nc3 a6 6. Bg5 Nbd7 7. Bc4 Qb6 {7...Qb6 is better than 7...Qa5. B94: Sicilian Najdorf: 6 Bg5 Nbd7.} 8. Bb3 e6 $1 9. Bxf6 Nxf6 {The position is equal.} 10. Qd2 {10.f4 is not played anymore.} Be7 11. O-O-O Bd7 12. f4 O-O {[#]} 13. g4 $146 ({Predecessor:} 13. Rhe1 Qc7 14. g4 b5 15. a3 b4 16. axb4 a5 17. b5 a4 18. Nxa4 e5 19. fxe5 dxe5 {½-½ (29) Nogga,U (2433)-Pellen,M (2494) ICCF email 2013}) 13... Nxg4 14. Rhg1 Bf6 15. h3 Bxd4 16. Qxd4 Qxd4 17. Rxd4 Nf6 18. Rxd6 {[#] Black must now prevent e5.} Bc6 19. f5 Ne8 20. Rd3 exf5 21. exf5 Rc8 22. h4 h6 23. Rdg3 Kh7 24. Ne2 Be4 25. Nd4 Rc5 26. c3 Kh8 27. Bc2 (27. f6 $5 {[%cal Rf6g7]} g6 28. Re3 $14) 27... Bxc2 28. Kxc2 Nd6 29. Rxg7 Nxf5 30. Nxf5 Rxf5 {Weighted Error Value: White=0.10/Black=0.07} 1/2-1/2

[Event "Chelyabinskiy variant-A 2021"]
[Site "Chelyabinsk"]
[Date "2021.03.26"]
[Round "4.11"]
[White "Obgolts, Erik"]
[Black "Shomoev, Anton"]
[Result "0-1"]
[WhiteElo "2404"]
[BlackElo "2563"]
[Annotator "TA"]
[PlyCount "120"]
[EventDate "2021.03.23"]
[EventType "swiss"]
[EventCountry "RUS"]
[SourceTitle "playchess.com"]
[Source "ChessBase"]
[SourceQuality "1"]

{[%evp 18,120,27,25,42,11,6,0,-11,-43,-43,-63,-58,-64,-62,-69,-61,-111,-87,-104,-72,-81,-45,-53,5,-120,-120,-114,-114,-108,-114,-114,-116,-110,-118,-111,-113,-112,-112,-108,-115,-117,-91,-119,-116,-120,-116,-109,-139,-158,-33,-149,-136,-196,-102,-412,-387,-883,-878,-863,-856,-819,-788,-809,-789,-765,-757,-735,-741,-711,-682,-981,-732,-1856,-1807,-1688,-1638,-1610,-1056,-875,-598,-590,-569,-551,-519,-1119,-1118,-1137,-1137,-1104,-1097,-1829,-1885,-2001,-1842,-1756,-1339,-1427,-1514,-1714,-1754,-29985,-29986,-29989,-29990]} 1. d4 Nf6 2. Nf3 g6 3. g3 Bg7 4. Bg2 O-O 5. O-O d6 6. c4 Nc6 7. Nc3 e5 8. dxe5 dxe5 $1 {8...dxe5 scores better than 8...Nxe5.} 9. Bg5 Be6 10. Qa4 Qc8 {E62: King's Indian: Fianchetto: 6...c6 and Panno Variation (6...Nc6) without ...a6.} 11. Bxf6 Bxf6 12. Nd5 Bd8 {The position is equal.} 13. Rfd1 e4 {[#]} 14. Nd2 $146 ({Predecessor:} 14. Nd4 Nxd4 15. Rxd4 f5 16. Qa3 Re8 17. Rad1 c6 18. Nf4 Bf7 19. Rd7 Bf6 20. h4 {0-1 (57) Koneru,H (2541)-Howell,D (2685) Caleta 2019}) 14... f5 15. Rac1 Ne5 {[%cal Bc6e5,Be5d7,Bd7f6][%mdl 32]} 16. Qa3 Re8 17. Qc3 Bf7 18. Bh3 Nd7 19. Qc2 c6 20. Ne3 Bg5 (20... Nc5 $15) 21. c5 (21. Nxf5 $1 $11 {keeps the balance.} gxf5 22. Bxf5) 21... Bxe3 $17 (21... Bxa2 $2 22. b3 $18) 22. fxe3 Nf6 ({Wrong is} 22... Bxa2 $2 23. b3 $18) 23. Qc3 Qe6 24. Nc4 Qxc4 25. Qxf6 Qxe2 26. Re1 Qh5 27. Bf1 Rad8 28. Qc3 Rd7 ({But not} 28... Bxa2 $2 29. b3 $18) 29. Be2 Qg5 30. a4 h5 31. Rcd1 Bd5 32. Rxd5 Rxd5 33. Bc4 h4 (33... Red8 $1 $17 34. Rd1 {[%mdl 64] Pin} h4 35. Bxd5+ cxd5) 34. Kg2 (34. Qb3 $1 $15) 34... Red8 $1 35. Rd1 {[#]} (35. Rf1 $17 {might work better.}) 35... h3+ (35... Qh5 $1 $19 36. Rf1 hxg3 37. hxg3 Kf7 38. Bxd5+ Rxd5) 36. Kf2 $2 {[%mdl 8192] Now White is beyond hope.} (36. Kg1 $17 {nothing else works.}) 36... Qg4 {( -> ...Qf3+)} 37. Bxd5+ $2 (37. Be2 Rxd1 38. Bxg4 fxg4 39. Ke2) 37... Rxd5 $19 ({Less strong is} 37... cxd5 38. Ke1 $17) 38. Rxd5 cxd5 {[%mdl 4096] Endgame KQ-KQ} 39. Ke1 Qf3 {aiming for ...Qh1+.} 40. Qe5 Qxe3+ {[%mdl 64] Double Attack} 41. Kd1 Qg1+ {[%mdl 64] Double Attack} 42. Kd2 Qf2+ 43. Kd1 Qxc5 44. Qb8+ Kg7 45. Qxb7+ Kh6 46. Qb8 Qd4+ 47. Kc2 Qxa4+ 48. Kb1 Qd7 49. Qh8+ Qh7 50. Qf6 {[#]} Qg8 $1 51. g4 (51. Kc2 $142 a5 52. Kd1) 51... fxg4 52. Qh4+ Kg7 53. Qxg4 Qf7 54. Qxh3 d4 55. Qh4 Qe6 56. Qd8 d3 57. Qd4+ Kh6 58. Qe3+ Kh5 59. Qxa7 e3 60. Qc5+ Qf5 {Weighted Error Value: White=0.55/Black=0.28} 0-1

[Event "Chelyabinskiy variant-A 2021"]
[Site "Chelyabinsk"]
[Date "2021.03.26"]
[Round "4.12"]
[White "Nugumanov, Bakhtiyar"]
[Black "Frolyanov, Dmitry"]
[Result "0-1"]
[WhiteElo "2388"]
[BlackElo "2542"]
[Annotator "TA"]
[PlyCount "234"]
[EventDate "2021.03.23"]
[EventType "swiss"]
[EventCountry "RUS"]
[SourceTitle "playchess.com"]
[Source "ChessBase"]
[SourceQuality "1"]

{[%evp 23,234,0,0,-11,0,-15,8,0,0,0,0,-37,-36,-39,18,18,19,-6,-2,-7,-4,-5,-6,-20,0,-9,0,-35,-32,-24,-11,-50,-8,-79,-35,-54,-33,-28,-29,-49,-45,-51,-32,-33,-21,-18,-8,-10,0,-4,0,-7,0,-16,-16,-16,0,0,0,-91,-113,-97,-16,-16,-16,-16,-16,-16,-16,-16,-16,-16,-16,-16,-15,-15,-15,-15,-15,-24,-24,-24,-24,-24,-24,-24,-24,-24,-24,-24,-24,-24,0,-24,-24,-24,-24,-24,-24,-71,-9,-9,-9,-9,-9,-9,-9,-9,-9,-9,-9,-9,-9,-9,-9,-9,-9,-9,-9,-9,-9,-9,-9,-9,-9,-9,-9,-9,-9,-9,-9,-9,0,0,0,-9,-9,-9,-9,-67,-67,-67,-67,-67,-67,-67,-67,-75,-75,-75,-75,-75,-75,-75,-75,-75,-75,-75,-75,-75,0,-75,-75,-29963,-29960,-29964,-29964,-29964,-29965,-29963,-29964,-29964,-29965,-29962,0,-29965,-29968,-29974,-29969,-29965,-29971,-29972,-29973,-29974,-29975,-29976,-29970,-29977,-29978,-29978,-29970,-29976,0,-29957,-29958,-386,0,-29976,-29977,-29977,-29977,-29981,-29982,-29982,-29983,-29983,-29984,-29984,-29983,-29983,-29984,-29986,-29987]} 1. e4 c5 2. Nf3 e6 3. d4 cxd4 4. Nxd4 Nc6 5. Nc3 Qc7 6. Be3 a6 7. Bd3 Nf6 8. O-O Nxd4 9. Bxd4 Bc5 10. Bxc5 Qxc5 11. Kh1 O-O 12. f4 d6 13. Qe1 {B48: Sicilian: Taimanov: 5 Nc3 Qc7 6 Be3 a6 without Be2.} e5 14. Qh4 exf4 15. Qxf4 {The position is equal.} Be6 16. Qh4 Qe5 17. Rae1 (17. Nd5 $5 Bxd5 18. exd5 $11) 17... Rfe8 {[#]} 18. Re3 $146 ({Predecessor:} 18. Re2 h6 19. a4 Rac8 20. h3 Qd4 21. Ref2 Nd7 22. Qf4 Ne5 23. Be2 Qb4 24. Qc1 {½-½ (48) Nithander,V (2365)-Bellon Lopez,J (2440) Stockholm 2008}) 18... Qh5 (18... h6 $15) 19. Qxh5 $11 Nxh5 20. e5 dxe5 21. Rxe5 Nf6 22. a4 Nd7 23. Ra5 Nb6 24. b3 Red8 25. Rc5 Nd7 26. Ra5 f6 27. Ne4 Ne5 28. Be2 (28. Ng5 $1 $11 {keeps the balance.} Bd5 29. Bf5) 28... Bd5 29. Ng3 Rac8 30. Rd1 Bc6 31. Kg1 Rxd1+ 32. Bxd1 Rd8 33. Be2 Rd2 34. Rc5 h5 {Strongly threatening ...h4.} 35. Kf2 h4 36. Nf1 Rd4 37. Ne3 g6 38. Rc3 Kg7 39. Nc4 Rf4+ (39... Nxc4 {looks sharper.} 40. Rxc4 Rxc4 41. Bxc4 f5 42. g3 hxg3+ 43. hxg3 g5) 40. Kg1 Nxc4 41. Rxc4 (41. Bxc4 $11 {remains equal.} a5 42. Bb5) 41... Rxc4 $17 42. Bxc4 $11 {[%mdl 4096] Endgame KB-KB} a5 (42... b5 $17 43. axb5 axb5) 43. g3 hxg3 44. hxg3 f5 45. Kf2 Kf6 46. Ke3 Ke5 47. c3 g5 {White must now prevent ...f4+.} 48. Bd3 b6 49. Bc2 Bd5 50. b4 Bc6 51. bxa5 bxa5 52. Bd1 Bd7 53. Bc2 Be6 54. Bd1 $1 Bc4 55. Bc2 Bf7 56. Bd3 Bb3 57. Bb5 Bf7 58. Bc6 Kd6 59. Bb5 Kc5 60. Bd3 Be8 61. Bxf5 {[#]} Bxa4 (61... Kc4 $1 $17 {[%cal Rc4c3]} 62. Kd2 Bxa4) 62. Kd2 $1 Bb3 63. Kc1 $1 Bd5 64. Bd3 Bc6 65. Kb2 Kd5 66. Ka3 Bd7 67. Kb3 Kc5 68. Ka3 Bg4 69. Ka4 Kb6 70. Kb3 Bd1+ 71. Kb2 Kc5 72. Ka3 Kd5 73. Kb2 Ke5 (73... Kd6 {feels hotter.} 74. Ka3 Kc5 75. Kb2 Ba4 76. Be2 Bb5) 74. Ka3 Kd6 75. Kb2 Kd5 76. Ka3 Ke5 77. Kb2 Bf3 78. Ka3 Be4 79. Be2 Bc2 80. Bf3 Kf5 81. Kb2 ({White should try} 81. Bb7 $11) 81... Be4 $1 $15 {[%cal Re4f3]} 82. Bd1 Bc6 83. c4 Ke4 84. Kc3 Ke3 85. g4 Ke4 86. Bc2+ Ke5 87. Bf5 Be8 88. Bc8 Ba4 89. Bf5 Bc6 90. Bc8 Be8 91. Bf5 Bc6 92. Bc8 $1 Bf3 {Threatens to win with ...Kd6. White is now going downhill.} 93. Bd7 $2 {[%mdl 8192]} (93. c5 $17) 93... Kd6 94. Bf5 Kc5 95. Be6 Be2 96. Kb3 Bd1+ 97. Ka3 Kd4 98. Kb2 Kc5 99. Ka3 a4 100. Bf7 Bb3 101. Be8 Kxc4 102. Bd7 Kd4 103. Kb4 Ke5 104. Bf5 Kf4 105. Bd7 Bd1 106. Ka3 Ke5 107. Kb4 Bb3 $2 (107... Ke4 {mates} 108. Bb5 Kf4 109. Be8 Kxg4 110. Bc6 Kf4 111. Bd7 a3 112. Kxa3 Bc2 113. Kb4 Bf5 114. Bb5 g4 115. Kc3 g3 116. Bf1 Kf3 117. Kd4 Kf2 118. Ba6 g2 119. Ke5 {[#]} g1=Q $1 120. Bb5 Qa1+ 121. Kd5 Qa5 122. Kc6 Be6 123. Kd6 Qxb5 124. Kxe6 Kf3 125. Kf6 Kf4 126. Ke6 Qc6+ 127. Kf7 Kf5 128. Kg8 Kf6 129. Kh8 Qc7 130. Kg8 Qg7#) 108. Bb5 $2 {[%mdl 8192]} (108. Bf5 $11 Bd1 109. Bd7) 108... Kd6 109. Ba6 Ke5 $2 (109... Bd1 $19 110. Bb5 Ke5) 110. Be2 $2 {[%mdl 8192]} (110. Bb5 $11 Bd1 111. Bc6) 110... Kf4 {Black mates.} 111. Ka3 Be6 112. Kxa4 Bxg4 113. Bf1 Bd1+ 114. Kb4 g4 115. Kc3 Kf3 116. Bb5 Kf2 117. Kd2 {[#]} g3 $1 {Weighted Error Value: White=0.12/Black=0.11} 0-1

[Event "Chelyabinskiy variant-A 2021"]
[Site "Chelyabinsk"]
[Date "2021.03.26"]
[Round "4.13"]
[White "Pingin, Artem"]
[Black "Afanasiev, Nikita"]
[Result "1/2-1/2"]
[WhiteElo "2378"]
[BlackElo "2519"]
[Annotator "TA"]
[PlyCount "89"]
[EventDate "2021.03.23"]
[EventType "swiss"]
[EventCountry "RUS"]
[SourceTitle "playchess.com"]
[Source "ChessBase"]
[SourceQuality "1"]

{[%evp 9,89,21,22,10,18,13,14,14,12,3,5,-20,0,-40,-40,-27,-14,-22,0,-21,0,-4,-7,2,17,17,33,30,30,37,34,27,32,31,42,29,29,29,33,33,44,26,44,33,45,45,53,25,56,55,56,44,52,42,39,14,15,22,18,22,35,18,18,13,13,8,12,10,7,0,13,0,87,55,70,70,70,70,74,57,56,13]} 1. e4 e5 2. Nf3 Nc6 3. Bb5 Nf6 4. d3 Bc5 5. Bxc6 dxc6 6. Nbd2 {C65: Ruy Lopez: Berlin Defence (3...Nf6), unusual lines and 4 0-0 Bc5.} Nd7 7. O-O O-O 8. Nc4 {The position is equal.} f6 9. Nh4 Re8 {[#]} 10. g3 $146 ({Predecessor:} 10. Be3 Bf8 11. Nf5 Nc5 12. Qf3 Ne6 13. Qg3 Kh8 14. h4 c5 15. h5 Nd4 16. Bxd4 cxd4 {1-0 (37) Maki,V (2368)-Tuominen,R (2283) Finland 2017}) 10... Nf8 11. Kh1 Bh3 12. Ng2 $1 Qd7 13. Be3 Bb6 14. Rg1 f5 15. Nh4 fxe4 16. dxe4 Bg4 17. f3 Qxd1 18. Rgxd1 Bh5 19. Kg2 Bf7 20. Nxb6 axb6 21. a3 b5 22. Kf2 Be6 23. Ng2 Nd7 24. Ne1 Rf8 25. Kg2 c5 26. Nd3 b6 27. Bd2 Rfe8 28. Bc3 Bf7 29. Rac1 Re7 30. Rd2 Rae8 31. Rcd1 Kf8 32. Nf4 Nb8 33. Nd5 Rd7 34. Ne3 Rxd2+ 35. Rxd2 Nc6 {[#] And now ...b4 would win.} 36. Rd7 Re7 37. Rxe7 Kxe7 $11 {[%mdl 4096] Endgame KBN-KBN} 38. Nf5+ Kf6 39. f4 Bg6 40. fxe5+ Kf7 (40... Nxe5 $11 41. g4 b4 42. axb4 (42. g5+ Ke6 $11) 42... cxb4 43. Bxb4 (43. g5+ Ke6 $11) 43... Nxg4) 41. b4 cxb4 42. axb4 Nd8 $1 43. Kf3 Ne6 44. Ke3 Bh5 45. Nd4 {Weighted Error Value: White=0.07/Black=0.09} 1/2-1/2

[Event "Chelyabinskiy variant-A 2021"]
[Site "Chelyabinsk"]
[Date "2021.03.27"]
[Round "5.1"]
[White "Drygalov, Andrey"]
[Black "Girya, Olga"]
[Result "1/2-1/2"]
[WhiteElo "2500"]
[BlackElo "2432"]
[Annotator "ChessBase"]
[PlyCount "25"]
[EventDate "2021.03.23"]
[EventType "swiss"]
[EventCountry "RUS"]
[SourceTitle "playchess.com"]
[Source "ChessBase"]
[SourceQuality "1"]
[TimeControl "5400+30"]

1. e4 {[%emt 0:01:59]} e5 {[%emt 0:00:38]} 2. Nf3 {[%emt 0:00:05]} Nc6 {[%emt 0:00:06]} 3. Bc4 {[%emt 0:00:05]} Bc5 {[%emt 0:00:11]} 4. O-O {[%emt 0:00:12]} Nf6 {[%emt 0:00:40]} 5. d3 {[%emt 0:00:05]} d6 {[%emt 0:00:16]} 6. c3 {[%emt 0:00:05]} h6 {[%emt 0:00:25]} 7. Nbd2 {[%emt 0:00:34]} O-O {[%emt 0:00:43]} 8. h3 {[%emt 0:00:21]} a5 {[%emt 0:01:09]} 9. Re1 {[%emt 0:00:26]} a4 {[%emt 0:00:38]} 10. Nf1 {[%emt 0:02:58]} Bd7 {[%emt 0:00:37]} 11. d4 {[%emt 0:05:28]} Bb6 {[%emt 0:01:18]} 12. Ng3 {[%emt 0:02:49]} Re8 {[%emt 0:00:16]} 13. dxe5 {[%emt 0:17:37]} 1/2-1/2